书目信息 |
| 题名: |
孙子兵法与三十六计的智慧
|
|
| 作者: | 孙武 原著 ;诸葛静一 编撰 | |
| 分册: | ||
| 出版信息: | 北京 中国长安出版社 2004.01 |
|
| 页数: | 360页 | |
| 开本: | 26cm | |
| 丛书名: | ||
| 单 册: | ||
| 中图分类: | E892.25-49 | |
| 科图分类: | ||
| 主题词: | 孙子兵法--通俗读物 | |
| 电子资源: | ||
| ISBN: | 7-80175-215-5 | |
| 000 | 00850nam0 2200229 450 | |
| 001 | 0143095396 | |
| 005 | 20050831044535.12 | |
| 010 | @a7-80175-215-5@dCNY39.80 | |
| 100 | @a20050307d2004 km y0chiy0120 ea | |
| 101 | 0 | @achi |
| 102 | @aCN@b110000 | |
| 105 | @aa z 000yy | |
| 200 | 1 | @a孙子兵法与三十六计的智慧@Asun zi bing fa yu san shi liu ji de zhi hui@f孙武等原著@Fsun wu deng yuan zhu@g诸葛静一编撰@Gzhu ge jing yi bian zhuan |
| 210 | @a北京@c中国长安出版社@d2004.01 | |
| 215 | @a360页@c图@d26cm | |
| 330 | @a本书在内容安排上独具匠心,除了对《孙子兵法》与《三十六计》进行详细的讲解外,还进行了具体分析,列举了其在实际应用中的相关事例。 | |
| 606 | 0 | @a孙子兵法@x通俗读物 |
| 690 | @aE892.25-49@v4 | |
| 701 | 0 | @a孙武@Asun wu@4原著 |
| 702 | 0 | @a诸葛静一@Azhu ge jing yi@4编撰 |
| 801 | 0 | @aCN@bQSSK@c20050831 |
| 905 | @a10447@dE892.25-49@eS958 | |
| 孙子兵法与三十六计的智慧/孙武等原著/诸葛静一编撰.-北京:中国长安出版社,2004.01 |
| 360页:图;26cm |
| ISBN 7-80175-215-5:CNY39.80 |
| 本书在内容安排上独具匠心,除了对《孙子兵法》与《三十六计》进行详细的讲解外,还进行了具体分析,列举了其在实际应用中的相关事例。 |
| ● |
| 相关链接 |
|
|
|
正题名:孙子兵法与三十六计的智慧
索取号:E892.25-49/S958
 
预约/预借
| 序号 | 登录号 | 条形码 | 馆藏地/架位号 | 状态 | 备注 |
| 1 | 565597 | 205655977 | 社科库509/509社科库 124排1列5层/ [索取号:E892.25-49/S958] | 在馆 | |
| 2 | 565598 | 205655986 | 社科库509/509社科库 124排1列5层/ [索取号:E892.25-49/S958] | 在馆 |